000 00572nam a2200205Ia 4500
005 20250923144423.0
008 008 250917s9999 xx 000 0 eng d
037 _aTextual
040 _aDSWL
_beng
_cDSWL
041 _aeng
_2eng
084 _aY131:::2153:N5, J2
_qDSWL
100 _aMayer, Adrian C
_9824728
245 0 _aLand and society in Malabar
_cby Adrian C Mayer
260 _aBombay
_bOUP
_c1952
300 _a158 p.
365 _aINR
_b7
925 _g7
942 _cTEXL
_hY131:::2153:N5, J2
999 _c1438623
_d1438623